Từ điển sinh học Anh - Việt và Việt - Anh = English - Vietnamese and Vietnamese - English dictionary of biology

Nội dung từ điển bao gồm 50.000 thuật ngữ, nội dung sắp xếp các thuật ngữ Anh theo thứ tự chữ cái tiếng Anh.

保存先:
書誌詳細
フォーマット: 図書
言語:Undetermined
出版事項: Hà Nội KHoa học và kỹ thuật 1997
主題:
タグ: タグ追加
タグなし, このレコードへの初めてのタグを付けませんか!
Thư viện lưu trữ: Trung tâm Học liệu Trường Đại học Cần Thơ
LEADER 00726nam a2200181Ia 4500
001 CTU_22293
008 210402s9999 xx 000 0 und d
082 |a 570.3 
082 |b T550 
245 0 |a Từ điển sinh học Anh - Việt và Việt - Anh = 
245 0 |b English - Vietnamese and Vietnamese - English dictionary of biology 
260 |a Hà Nội 
260 |b KHoa học và kỹ thuật 
260 |c 1997 
520 |a Nội dung từ điển bao gồm 50.000 thuật ngữ, nội dung sắp xếp các thuật ngữ Anh theo thứ tự chữ cái tiếng Anh. 
650 |a Biology 
904 |i Trúc 
980 |a Trung tâm Học liệu Trường Đại học Cần Thơ